| 000 | 00507nam a2200181Ia 4500 | ||
|---|---|---|---|
| 001 | 4067 | ||
| 003 | IVS | ||
| 005 | 20250626025606.0 | ||
| 008 | 211022s9999 xx 000 0 und d | ||
| 040 | _cIVS | ||
| 082 | _a746 YUS | ||
| 100 | _aYusra Sami Askari | ||
| 245 | 0 | _aPatterned Textile Glory of the Indian Subcontinent (Part 1) | |
| 260 | _bIndus Valley School | ||
| 260 | _c2000 | ||
| 856 | _uhttps://drive.google.com/file/d/1e6JSvfU8-NUWGlUdQl5bBM2bOuTESd7r/view?usp=sharing | ||
| 942 |
_cDISS _2ddc _n0 |
||
| 999 |
_c5886 _d5886 |
||